Statistiken für Top 10-Kürzeste Autobahnen

Klicken Sie hier um das Quiz zu spielen!

Allgemein

  • Dieses Quiz wurde 14 mal gespielt
  • Das Durchschnittsergebnis liegt bei 3 aus 10

Antwortstatistiken

StreckenverlaufLänge in kmA% Korrekt
Sachsendamm-Wolfensteindamm (über Kreuz Schöneberg)3,7km103
67%
Stuttgart Süd-Kreuz Stuttgart (über Vaihingen)2,3km831
42%
Hamburg Veddel-Dreieck Nordelbe (über Elbinsel)2,4km255
33%
Köln Severingsbrücke (als L124)-Dreieck Köln Porz3,4km559
33%
Dreieck Griesheim-Darmstadt West (über Dreieck Darmstadt)2,6km672
33%
Dreieck München Enschenried-Dreieck München Allach4,2km99a
33%
Bonn Bad Godesberg-Kreuz Bonn Ost4,1km562
25%
Braunschweig Watenbüttel Ost-Braunschweig Hamburger Strasse3,9km392
17%
Ehlingen-Dreieck Sinzig (über Löhndorf)2,6km571
17%
Ringen- Bad Neuenahr (über Dreieck Bad Neuenahr/Ahrweiler)3,4km573
8%

Verteilung der Resultate

Perzentil nach korrekt beantworteten Fragen

Anzahl Personen mit jedem Resultat

Ihre Resultats-Entwicklung

Sie haben dieses Quiz noch nicht gespielt